[Event "3. Winter-Open 2024"]
[Site "Nuernberg"]
[Date "2024.02.09"]
[Round "1.21"]
[White "Denninger, Tanja"]
[Black "Kiehne, Pascal"]
[Result "1-0"]
[WhiteElo "1240"]
[BlackElo "1541"]
[PlyCount "79"]
[EventDate "2024.??.??"]
[WhiteTeam "SC JÄKLECHEMIE Talente Franken e"]
[BlackTeam "SG Büchenbach/Roth e.V."]

{[%evp 0,60,25,27,27,5,5,0,0,-53,30,39,11,-4,52,-38,-32,-34,-37,-37,-39,-50,-51,-35,-38,-45,-24,-41,-25,-58,-29,-48,-53,-73,-12,-63,-30,-31,-27,-27,-34,-30,-30,-30,-10,-10,-2,-33,-31,-32,-36,-51,-90,-85,-89,-118,-116,-109,-94,-120,-127,-139,266]} 1. Nf3 Nf6 2. c4 e6 3. Nc3 d5 4. g3 b6 5. Bg2 Bb7 6. O-O c5 7. d3 d4 8. Nb5 a6 9. Na3 Bd6 10. Re1 O-O 11. e3 e5 12. exd4 exd4 13. Nc2 h6 14. Bd2 Nc6 15. a3 Qc7 16. b4 a5 17. b5 Ne5 18. Nxe5 Bxg2 19. Kxg2 Bxe5 20. Qf3 Rae8 21. Re2 Re7 22. Rae1 Rfe8 23. Kf1 Kf8 24. Qc6 Qxc6 25. bxc6 Bc7 26. Rxe7 Rxe7 27. Rxe7 Kxe7 28. a4 Ng4 29. f3 Ne5 30. Bf4 Nxd3 31. Bxc7 Nb2 32. Bxb6 Nxc4 33. Bxc5+ Kd8 34. Nxd4 Kc7 35. Ke2 Nb2 36. Kd2 Nxa4 37. Ba3 Nb6 38. Kd3 g6 39. Kc3 f5 40. Bc1 1-0

[Event "3. Winter-Open 2024"]
[Site "Nuernberg"]
[Date "2024.02.09"]
[Round "1.22"]
[White "Frysztacki, Marco"]
[Black "Yanpala, Oguz Faruk"]
[Result "1-0"]
[WhiteElo "1527"]
[BlackElo "1196"]
[PlyCount "99"]
[EventDate "2024.??.??"]
[WhiteTeam "SV Lauf a.d.P."]
[BlackTeam "SC JÄKLECHEMIE Talente Franken e"]

{[%evp 0,51,27,22,22,-13,-15,-9,63,61,55,51,72,72,78,96,65,76,139,92,130,154,157,183,183,187,195,196,303,209,196,137,229,229,249,261,262,262,262,275,267,180,182,178,194,178,269,270,302,308,324,326,340,345]} 1. e4 e5 2. f4 exf4 3. Nf3 c5 4. Bc4 Nc6 5. O-O d6 6. d4 Bg4 7. dxc5 dxc5 8. Bxf4 Qxd1 9. Rxd1 Nd4 10. Nc3 a6 11. Bxf7+ Kxf7 12. Ne5+ Ke8 13. Nxg4 Nxc2 14. Rac1 Nd4 15. Be5 Nc6 16. Nd5 Nxe5 17. Nc7+ Ke7 18. Nxe5 Rd8 19. Rxd8 Kxd8 20. Nf7+ Kxc7 21. Nxh8 Nh6 22. Rf1 Bd6 23. Nf7 Nxf7 24. Rxf7+ Kc6 25. Rxg7 Be5 26. Rxh7 Bxb2 27. g4 c4 28. Rf7 c3 29. Rf2 b5 30. Rc2 b4 31. g5 Kd6 32. g6 Ke7 33. Rf2 c2 34. Rxc2 Bd4+ 35. Kf1 Kf8 36. Rc6 a5 37. Ra6 Kg7 38. Ke2 Be5 39. h3 Bc3 40. Kd3 Ba1 41. Kc4 Bc3 42. Rxa5 Kxg6 43. Rb5 Kf6 44. Rxb4 Bxb4 45. Kxb4 Ke5 46. a4 Kxe4 47. Kb5 Kf3 48. a5 Kg3 49. a6 Kxh3 50. a7 1-0

[Event "3. Winter-Open 2024"]
[Site "Nuernberg"]
[Date "2024.02.09"]
[Round "1.23"]
[White "Jusic, Enes"]
[Black "Frenz, Joachim"]
[Result "0-1"]
[WhiteElo "1135"]
[BlackElo "1505"]
[PlyCount "104"]
[EventDate "2024.??.??"]
[WhiteTeam "SC JÄKLECHEMIE Talente Franken e"]
[BlackTeam "SC Stein 1998 e.V."]

{[%evp 0,60,27,27,27,29,29,5,6,6,2,-26,43,-3,15,15,31,-2,54,8,14,6,-22,-25,-16,-45,-47,-61,-57,-47,-61,-62,-71,-106,-77,-190,-196,-285,-232,-251,-213,-226,-224,-232,-229,-237,-232,-267,-247,-270,-299,-381,-299,-370,-390,-411,-314,-361,-246,-269,-254,-322,-76]} 1. Nf3 Nf6 2. d4 e6 3. c4 d5 4. a3 dxc4 5. Nc3 c5 6. e4 cxd4 7. Qxd4 Qxd4 8. Nxd4 Bc5 9. Be3 Ng4 10. Bxc4 Nxe3 11. fxe3 O-O 12. b4 Be7 13. O-O a5 14. b5 Nd7 15. a4 Bb4 16. Nce2 Bc5 17. Rf3 Ne5 18. Raf1 Nxf3+ 19. Rxf3 Bd7 20. Nb3 Bb4 21. e5 Rac8 22. Bd3 Rfd8 23. Rh3 g6 24. Rg3 Be8 25. Be4 b6 26. h4 Rd1+ 27. Kh2 Be1 28. Rg4 h5 29. Rf4 Kg7 30. Rf1 Rcd8 31. Nbd4 Kh7 32. Kh3 Ra1 33. Bc2 Ra3 34. Rxe1 Rxe3+ 35. Kh2 Rxd4 36. Nxd4 Rxe1 37. Nf3 Rc1 38. Be4 Rc4 39. Bd3 Rxa4 40. Ng5+ Kg7 41. Ne4 Rd4 42. Bc2 Bxb5 43. Nd6 Rxh4+ 44. Kg3 Rb4 45. Kf3 Bc6+ 46. Ke3 Bxg2 47. Kd3 h4 48. Ke3 h3 49. Be4 Bxe4 50. Nxe4 Rxe4+ 51. Kf3 Rxe5 52. Kg3 a4 0-1

[Event "3. Winter-Open 2024"]
[Site "Nuernberg"]
[Date "2024.02.09"]
[Round "1.24"]
[White "Ratushna, Olha"]
[Black "Heron, Doris"]
[Result "1-0"]
[WhiteElo "1477"]
[BlackElo "1021"]
[PlyCount "56"]
[EventDate "2024.??.??"]
[WhiteTeam "SC Schwarz-Weiß Nürnberg Süd e.V"]

{[%evp 0,56,27,22,71,81,74,32,39,24,23,9,-1,-3,-2,-26,-17,-31,37,31,58,44,144,147,133,145,136,136,140,131,161,133,128,143,127,148,192,135,140,137,128,127,127,88,96,100,111,80,84,51,92,89,83,83,88,75,174,169,764]} 1. e4 c6 2. Nf3 d5 3. d3 e6 4. exd5 exd5 5. Be2 Nf6 6. O-O Bd6 7. Bg5 O-O 8. Nc3 Be7 9. Re1 c5 10. d4 b6 11. dxc5 bxc5 12. Bxf6 Bxf6 13. Qxd5 Qxd5 14. Nxd5 Nd7 15. c3 Bb7 16. Rad1 Rad8 17. Bb5 Bc8 18. Bxd7 Rxd7 19. Nxf6+ gxf6 20. Rxd7 Bxd7 21. Re7 Rd8 22. h3 Kf8 23. Re4 Bc6 24. Rf4 Kg7 25. Nh4 Rd1+ 26. Kh2 Bd7 27. Rc4 Rd3 28. Rxc5 Rxh3+ 1-0

[Event "3. Winter-Open 2024"]
[Site "Nuernberg"]
[Date "2024.02.09"]
[Round "1.25"]
[White "Spear, Jonas"]
[Black "Miller, Renold"]
[Result "0-1"]
[WhiteElo "1200"]
[BlackElo "1468"]
[PlyCount "120"]
[EventDate "2024.??.??"]
[WhiteTeam "SC JÄKLECHEMIE Talente Franken e"]
[BlackTeam "SC Rastatt"]

{[%evp 0,70,25,22,74,63,56,58,52,54,86,73,61,51,51,16,17,2,38,29,25,13,20,-10,-15,-18,121,-57,77,106,104,109,103,112,121,38,41,46,48,43,47,51,67,45,51,8,11,-4,8,-17,-15,-17,-4,-4,49,26,86,-37,36,-23,-5,-59,-30,-40,17,24,30,18,30,3,72,-107,-133]} 1. e4 c6 2. d4 d5 3. exd5 cxd5 4. Nf3 Bf5 5. Bd3 Bxd3 6. Qxd3 e6 7. Bf4 Nc6 8. O-O Nh6 9. Nc3 Nf5 10. Rfe1 Be7 11. Be5 O-O 12. a3 Qb6 13. Qb5 Nfxd4 14. Nxd4 Nxe5 15. Qxb6 axb6 16. Rxe5 Bf6 17. Nf3 Bxe5 18. Nxe5 Rfd8 19. Rd1 Rac8 20. Rd2 d4 21. Ne2 f6 22. Nf3 e5 23. Nh4 Rc7 24. c3 d3 25. Nc1 Rcd7 26. f3 g6 27. g4 Kf7 28. Ng2 f5 29. Ne3 Kf6 30. Nc4 b5 31. Ne3 e4 32. gxf5 gxf5 33. fxe4 fxe4 34. Nb3 Ke5 35. Nc5 Rg7+ 36. Kf1 Rf8+ 37. Rf2 Rxf2+ 38. Kxf2 Rf7+ 39. Ke1 Rf3 40. Kd2 b6 41. Nd7+ Kf4 42. Nd5+ Kf5 43. Ne3+ Ke6 44. Nxb6 Rf2+ 45. Kc1 Rxh2 46. Ng4 Re2 47. c4 h5 48. Nh6 bxc4 49. Nxc4 e3 50. b4 Re1+ 51. Kb2 d2 52. Nxe3 Rxe3 53. Kc2 Rxa3 54. Kxd2 Rb3 55. Ke2 Rxb4 56. Kf3 Kf6 57. Ng8+ Kf7 58. Nh6+ Kg6 59. Ng8 Rb7 60. Kf4 Kg7 0-1

[Event "3. Winter-Open 2024"]
[Site "Nuernberg"]
[Date "2024.02.09"]
[Round "1.26"]
[White "Dreiseitel, Werner"]
[Black "Müller, Tim"]
[Result "0-1"]
[WhiteElo "1466"]
[BlackElo "1200"]
[PlyCount "42"]
[EventDate "2024.??.??"]
[WhiteTeam "SC Schwarz-Weiß Nürnberg Süd e.V"]
[BlackTeam "SC Noris-Tarrasch Nürnberg 1873"]

{[%evp 0,42,25,25,27,29,57,46,40,26,35,32,59,60,34,4,13,-5,-5,-5,-2,-1,26,27,27,19,38,38,93,5,70,8,42,59,37,-260,-19,-29,-51,-311,-242,-558,-586,-29999,-29999]} 1. d4 Nf6 2. Nf3 g6 3. Bf4 Bg7 4. c3 d6 5. Nbd2 Bf5 6. Qb3 Qc8 7. e3 O-O 8. Be2 h6 9. h3 g5 10. Bh2 Nbd7 11. g4 Bh7 12. h4 gxh4 13. Nxh4 e5 14. O-O-O a5 15. Rdg1 a4 16. Qd1 a3 17. b3 exd4 18. exd4 Nd5 19. Nf5 Nxc3 20. Ne7+ Kh8 21. Nxc8 Nxa2# 0-1

[Event "3. Winter-Open 2024"]
[Site "Nuernberg"]
[Date "2024.02.09"]
[Round "1.27"]
[White "Ziegler, Jonas"]
[Black "Antipka, Gherman"]
[Result "0-1"]
[WhiteElo "1200"]
[BlackElo "1450"]
[PlyCount "84"]
[EventDate "2024.??.??"]
[BlackTeam "SC JÄKLECHEMIE Talente Franken e"]

{[%evp 0,67,25,22,30,22,30,11,50,49,56,46,49,18,30,-5,-5,-57,-47,-49,-28,-31,-16,-51,-16,-93,-58,-51,-44,-57,-44,-70,-49,-55,-41,-60,-7,-29,-44,-44,-47,-48,-56,-260,-77,-305,-68,-117,-122,-196,-99,-168,-146,-220,-129,-179,-191,-230,-207,-321,-303,-309,-329,-328,-319,-402,-381,-712,-757,-849]} 1. e4 e5 2. Nf3 Nc6 3. Bb5 Nge7 4. O-O a6 5. Ba4 g6 6. c3 Bg7 7. Re1 O-O 8. b4 d5 9. d3 dxe4 10. dxe4 Be6 11. Bg5 f6 12. Bh4 Qe8 13. Nbd2 Rd8 14. Bb3 Qf7 15. Qc2 Bh6 16. Red1 Kg7 17. a4 b6 18. b5 axb5 19. axb5 Na5 20. Bxe6 Qxe6 21. c4 c5 22. Rac1 Nc8 23. Ra1 Nd6 24. Ra4 Rd7 25. h3 Rfd8 26. Rda1 Nxb5 27. cxb5 Bxd2 28. Nh2 Bb4 29. Ng4 g5 30. Bg3 Rd2 31. Qc1 Nb3 32. Ra7+ Kg6 33. Nxe5+ fxe5 34. Qe1 Nxa1 35. Qe3 Nc2 36. Rg7+ Kxg7 37. Qxg5+ Qg6 38. Qxe5+ Kg8 39. Qc7 R2d7 40. Qe5 Nd4 41. Kf1 Bd2 42. Bh4 Re8 0-1

[Event "3. Winter-Open 2024"]
[Site "Nuernberg"]
[Date "2024.02.09"]
[Round "1.28"]
[White "Mankus, Siegfried"]
[Black "Biesler, Tobias"]
[Result "1-0"]
[WhiteElo "1448"]
[BlackElo "1200"]
[PlyCount "59"]
[EventDate "2024.??.??"]
[WhiteTeam "Spvg Zabo-Eintracht Nürnberg e.V"]
[BlackTeam "SC Sulzbach-Rosenberg"]

{[%evp 0,56,25,21,66,44,47,44,36,35,30,22,27,22,19,6,36,39,70,57,92,91,186,197,259,94,116,92,135,118,134,102,135,78,439,332,335,320,394,277,487,424,698,592,586,613,634,650,652,640,1144,1125,1265,1384,1608,856,886,890,906]} 1. d4 f5 2. c4 Nf6 3. Nc3 e6 4. g3 Nc6 5. e3 d5 6. Nf3 Be7 7. cxd5 Nxd5 8. Bd2 Bb4 9. Rc1 a6 10. Bg2 Bd7 11. Nxd5 exd5 12. a3 Bd6 13. O-O Qe7 14. Ne1 Be6 15. Nd3 h5 16. Nf4 h4 17. Ng6 Qf6 18. Nxh8 Kd7 19. Qh5 hxg3 20. fxg3 Nxd4 21. Bc3 Ne2+ 22. Qxe2 Qh6 23. Nf7 Bxf7 24. Rxf5 Rh8 25. Rxf7+ Ke8 26. Bxd5 Bxg3 27. Rf2 Bxf2+ 28. Qxf2 Qg5+ 29. Bg2 Rf8 30. Qg3 1-0

[Event "3. Winter-Open 2024"]
[Site "Nuernberg"]
[Date "2024.02.09"]
[Round "1.29"]
[White "Assem Gawdat Azmy, Mostafa"]
[Black "Kaza, Charith"]
[Result "0-1"]
[WhiteElo "1200"]
[BlackElo "1393"]
[PlyCount "116"]
[EventDate "2024.??.??"]
[WhiteTeam "SC Erlangen 48/88"]
[BlackTeam "SC Noris-Tarrasch Nürnberg 1873"]

{[%evp 0,52,25,22,30,22,30,11,11,11,15,8,8,1,31,-41,-6,-33,-21,-17,20,-198,-177,-196,-193,-182,-183,-203,-173,-154,-149,-198,-167,-157,-165,-138,-123,-108,-127,-119,-81,-131,-106,-102,-102,-99,-97,-121,-108,-136,-153,-134,-151,-134,-104]} 1. e4 e5 2. Nf3 Nc6 3. d4 exd4 4. Nxd4 Bc5 5. Nb3 Bb6 6. Nc3 d6 7. Qe2 h6 8. Be3 Be6 9. O-O-O Qd7 10. f4 Bg4 11. Qf2 Bxd1 12. Nxd1 Nf6 13. Bd3 O-O-O 14. Bxb6 axb6 15. a3 Kb8 16. Nc3 d5 17. e5 Ne4 18. Nxe4 dxe4 19. Bxe4 Nd4 20. h3 Qa4 21. Qe3 Nxb3+ 22. cxb3 Qd4 23. Qf3 Qc5+ 24. Kb1 Rd2 25. Rc1 Qd4 26. Rc2 Rxc2 27. Kxc2 Rd8 28. Bd3 Re8 29. g4 f6 30. exf6 gxf6 31. b4 Re3 32. Qf1 Qd5 33. Bc4 Qf3 34. f5 Qxf1 35. Bxf1 Rf3 36. Be2 Rxh3 37. b5 c6 38. a4 cxb5 39. Bxb5 Re3 40. Bd3 Rf3 41. b3 Rf2+ 42. Kd1 Kc7 43. Ke1 Rh2 44. Be2 Kd6 45. Kd2 Kc5 46. Kd3 Kb4 47. Bd1 Rh1 48. Kc2 Rxd1 49. Kxd1 Kxb3 50. Kc1 Kxa4 51. Kc2 Ka3 52. Kc3 b5 53. Kc2 b4 54. Kb1 Kb3 55. Ka1 Kc2 56. Ka2 b3+ 57. Ka3 b2 58. Ka4 b1=Q 0-1

[Event "3. Winter-Open 2024"]
[Site "Nuernberg"]
[Date "2024.02.09"]
[Round "1.30"]
[White "Heemann, Jonas"]
[Black "Kaplan, Büsra"]
[Result "1-0"]
[WhiteElo "1370"]
[BlackElo "1200"]
[PlyCount "61"]
[EventDate "2024.??.??"]
[WhiteTeam "SK Nürnberg 1911 e.V."]
[BlackTeam "SC JÄKLECHEMIE Talente Franken e"]

{[%evp 0,61,21,22,31,5,5,6,4,-37,17,-50,-14,-6,69,-10,72,30,74,79,93,93,111,111,102,80,80,77,77,39,60,61,78,15,61,51,74,-167,94,72,176,8,35,46,62,28,37,44,143,113,171,180,188,191,183,183,322,329,331,331,341,338,864,870]} 1. e4 e5 2. Bc4 Nf6 3. d3 Nc6 4. f4 Bd6 5. f5 Bc5 6. Nc3 Nb4 7. Nf3 d6 8. Bd2 O-O 9. Na4 a6 10. Nxc5 dxc5 11. Nxe5 Qe8 12. Nxf7 Rxf7 13. Bxf7+ Qxf7 14. a3 Nc6 15. O-O b6 16. Rf3 Qh5 17. Bc3 Nd4 18. Rg3 Qf7 19. b4 Bd7 20. Kf1 Be8 21. Qd2 Qh5 22. Qg5 Qxg5 23. Rxg5 g6 24. fxg6 Bxg6 25. bxc5 bxc5 26. Rxc5 Rf8 27. Bxd4 Nd7+ 28. Ke2 Nxc5 29. Bxc5 Bh5+ 30. Kd2 Rf2+ 31. Bxf2 1-0